00514nam a22001577a 450000500170000000800410001702000180005804100130007608200130008910000130010224501150011525000190023026000470024930000350029665000250033120231214061833.0231213b |||||||| |||| 00| 0 eng d a9781485137924 aEnglish  a341 INT  lEnglish  aInternational Economic Law (southern) African perspectives and priorities / cedited by K Kugler and F Sucker  aFirst Edition  aCape Town : bJuta and Company Ltd, c2021 blxxxiii, 659 pages ; c25 cm.  aLegal practice bLaw